000 00920cam a2200289u 4500
001 8885299
005 20091124112221.0
006 a|||||r|||||00| 0
007 sd ammalaaahaa
008 860610n xx 000 0 eng
028 _aT 1047
_bCapitol
035 _aGR-00894
040 _aDLC
_dDLC
100 1 _aLevene, Gus
_918473
245 0 0 _aThis is dean martin /
_bby Gus Levene [and] Dick Stabile
_c[Sound recording]
260 _aDum Dum India
_bCapitol
300 _ap. 2 s. 12 in. 33 1/3 rpm. microgroove.
_banalog, 33 1/3 rpm
_c12 in (L P )
_fGramophone Record
500 _aBrief Note
505 _a Side 1 Buona Sera Side 2 Angel Baby
650 0 _aConcertos (Piano)
_918474
700 1 _aStabile,Dick
_918475
700 1 _918476
700 1 _918477
710 1 _aParis.
_918478
942 _2ddc
_cGR
999 _c44579
_d44579